[Event "Tepe Sigeman 2026"]
[Site "Elite Plaza Hotel, Gustav Ado"]
[Date "2026.05.04"]
[Round "4.1"]
[White "Erdogmus, Yagiz Kaan"]
[Black "Grandelius, Nils"]
[Result "1-0"]
[WhiteElo "2708"]
[BlackElo "2662"]
[PlyCount "65"]
[EventDate "2026.??.??"]
[WhiteTeam "TUR"]
[BlackTeam "SWE"]
[WhiteClock "0:01:47"]
[BlackClock "0:01:51"]

1. e4 {Wedberg,Tom} e5 2. Nf3 Nc6 3. Bb5 Bc5 4. c3 Nf6 5. O-O O-O 6. d4 Bb6 7. Bg5 h6 8. Bh4 d6 9. a4 a5 10. Qc1 ({RR} 10. dxe5 Nxe5 11. Nxe5 dxe5 12. Nd2 Be6 ({RR} 12... c6 13. Be2 Qe7 14. Qc2 Be6 15. h3 g5 16. Bg3 Nd7 17. Nc4 Bxc4 18. Bxc4) 13. Qc2 Qe7 14. Kh1 ({RR} 14. Nc4 Bxc4 15. Bxf6 Qe6 16. Bxc4 Qxc4) 14... Rad8 15. Rad1 c6 16. Be2 Bc7 17. Rfe1 Rd7 18. Nf1 Rfd8 19. Ne3 Bb6 20. Nf5 Bxf5 21. exf5 Ng4 22. Rxd7 ({RR} 22. Bxg4 Qxh4) 22... Rxd7 23. Bxe7 {½-½ (23) Shirov,A (2720)-Macieja,B (2490) Polanica Zdroj 1998 CBM 067 [Wedberg,Tom]} {RR} Nxf2+ 24. Kg1 Ng4+ 25. Kh1 ({RR} 25. Kf1 Nxh2#) 25... Nf2+) ({RR} 10. Re1 Bg4 ({RR} 10... exd4 11. Bxc6 bxc6 12. Nxd4 Bd7 ({RR} 12... Re8 13. Nd2 g5 ({RR} 13... c5 14. N4f3 ({RR} 14. Nc2 Bb7 15. f3 c4+ 16. Nd4 g5 17. Bf2 d5) 14... Bb7 15. Qc2) 14. Bg3 c5 15. Nb5 Bb7 16. e5 dxe5 17. Nc4 Qd5 18. Qxd5 Nxd5) ({RR} 12... g5 13. Bg3 Bxd4 14. cxd4 Rb8 15. Nc3 Rxb2 16. f4 Ne8 17. f5 Ng7 18. Qf3 f6) 13. Nd2 Re8 14. Qf3 ({RR} 14. f4) 14... g5 15. Bg3 Bg4 16. Qd3 c5 17. Nc2 d5) ({RR} 10... Qe7 11. Na3 Bg4 12. Nc4 ({RR} 12. Bxc6 bxc6 13. dxe5 dxe5 14. Nc4 g5 15. Bg3 Rfd8 16. Qe2 Nd7 17. Ne3 Bxe3 18. Qxe3 f6) 12... g5 ({RR} 12... exd4 13. Bxc6 bxc6 14. e5 dxe5 15. Ncxe5 Bxf3 16. Qxf3) 13. Bg3 Nd7 14. Ne3 Bh5 15. Nd5) 11. Bxc6 bxc6 12. dxe5 dxe5 13. Qxd8 ({RR} 13. Nbd2 g5 ({RR} 13... Re8 14. h3 Bxf3 15. Nxf3 Qxd1 16. Raxd1 Nh5 17. Kf1 f6 18. Bg3 g5 19. Nd2 Red8 20. Nc4 Ng7 21. f3 Ne6) 14. Bg3 Nd7 15. Nc4 f6 16. Ne3 Bxe3 17. Rxe3 Nc5 18. Qc2 Qe7 19. Nd2 Be6 20. f3 Rfb8) 13... Raxd8 14. Nxe5 g5 15. Bg3 Nxe4 ({RR} 15... h5 16. Nxg4 Nxg4 17. h3 h4 18. Bxh4 gxh4 19. hxg4) 16. Nxg4 ({RR} 16. Na3 Nxg3 17. Nxg4 f5 18. Nxh6+ Kg7 19. hxg3 Rd2 20. Nc4 ({RR} 20. Rf1 Rxb2 21. Nc4 Rc2) 20... Bxf2+ 21. Kf1 Bxe1 22. Rxe1 Rc2 ({RR} 22... Rd5 23. Re6 Rd1+ 24. Kf2 Rh1 25. Rxc6 Rxh6 26. Rxc7+) 23. Re6 Rf6 24. Rxf6 Kxf6 25. g4) 16... f5 17. Ne5 f4 18. Na3 Nc5 ({RR} 18... fxg3 19. Rxe4) 19. Nac4 fxg3 20. hxg3 Nb3 21. Nxb6 Nxa1 22. Nbd7) 10... Qe7 11. Re1 exd4 $146 ({RR} 11... Nb8 12. Nbd2 c6 13. Bd3 Nbd7 14. Nc4 Bc7 15. Ne3 Re8 16. Qc2 Qf8 17. Rad1 g6 18. dxe5 dxe5 19. Bc4 Kg7 20. Nd2 Nc5 21. f3 Nh5 22. Bf2 Nf4 23. Bf1 h5 24. g3 Nh3+ 25. Bxh3 Bxh3 26. g4 {Grigorieva,Y (2143)-Ovod,E (2322) Cheboksary 2021 0-1 (67)}) ({RR} 11... Nb8 12. Na3 c6 13. Bd3 Nbd7 14. Nc4 Bc7 15. Ne3 Re8 16. Nf5 Qf8 17. Kh1 Nh5 18. Bc2 Nf4 19. Bg3 Nh5 20. Qd2 Nb6 21. b3 Nxg3+ 22. hxg3 Kh7 23. Rad1 g6 24. Ne3 Be6 25. g4 Rad8 26. d5 {Szadkowski,K (2282)-Paprocki,J (2209) Ustron 2021 1-0 (43)}) 12. Bxc6 bxc6 13. cxd4 Qe6 14. Qxc6 Bd7 15. Qc2 g5 16. Bg3 Nh5 17. e5 Nxg3 18. hxg3 g4 19. exd6 Qg6 20. Qxg6+ fxg6 21. Ne5 Bxd4 22. Nxd7 Rxf2 23. Re4 Rf4+ 24. Rxd4 Rxd4 25. Nc3 cxd6 26. Nd5 h5 27. Re1 Kh7 28. Nf4 Rc8 29. Kh2 Rc2 30. Re7+ Kh6 31. Nf6 Rd1 32. Ne6 g5 33. Nf8 1-0

[Event "Tepe Sigeman 2026"]
[Site "Elite Plaza Hotel, Gustav Ado"]
[Date "2026.05.04"]
[Round "4.2"]
[White "Abdusattorov, Nodirbek"]
[Black "Erigaisi Arjun"]
[Result "1/2-1/2"]
[WhiteElo "2780"]
[BlackElo "2751"]
[PlyCount "123"]
[EventDate "2026.??.??"]
[WhiteTeam "UZB"]
[BlackTeam "IND"]
[WhiteClock "0:05:31"]
[BlackClock "0:09:12"]

1. c4 e6 2. Nc3 d5 3. d4 Be7 4. cxd5 exd5 5. Bf4 Nf6 6. e3 Bf5 7. Nge2 O-O 8. Rc1 Be6 9. Bg3 c6 10. Nf4 Bf5 11. Bd3 Bxd3 12. Nxd3 Ne4 $146 ({RR} 12... Nbd7 13. O-O Ne4 14. b4 Rc8 15. Nxe4 dxe4 16. Nc5 Nxc5 17. bxc5 b5 18. cxb6 axb6 19. Qb3 c5 20. Rc4 Qd5 21. Rfc1 Qe6 22. d5 Qxd5 23. Qxb6 h5 24. h4 Rfe8 25. a4 Ra8 26. a5 Bf8 27. Qb5 {Landa,K (2640)-Haslinger,S (2543) Germany 2014 1-0 (40)}) ({RR} 12... Nbd7 13. b4 Ne4 14. O-O Nxc3 15. Rxc3 Nb6 16. Nc5 Qc8 17. Rb3 Nc4 18. a4 a6 19. Nd3 Bd6 20. b5 Bxg3 21. hxg3 cxb5 22. axb5 a5 23. Rc3 Qd7 24. Qa4 g5 25. Ne5 Nxe5 26. dxe5 Rfc8 27. Rfc1 {Sandipan,C (2641)-Zatonskih,A (2493) Caleta 2011 1-0 (41)}) 13. Qb3 Nxc3 14. Rxc3 Qb6 15. O-O Nd7 16. a4 Rfc8 17. Rfc1 Nf6 18. a5 Qa6 19. Bh4 h6 20. Bxf6 Bxf6 21. Nc5 Qxa5 22. Nxb7 Qb6 23. Nc5 Be7 24. Nd3 Qxb3 25. Rxb3 Rc7 26. g3 Bd6 27. Nc5 Bxc5 28. Rxc5 Kf8 29. Rbc3 Rac8 30. Ra5 Ke8 31. h4 Kd7 32. Rb3 Kd6 33. h5 Re7 34. Ra6 Rcc7 35. Rc3 Re8 36. Rca3 Rb8 37. Rxa7 Rxb2 38. Ra8 Ke7 39. Rg8 Kf6 40. Rc3 Rb5 41. Ra3 Rb2 42. Kg2 Rc2 43. Ra6 Rb7 44. Rc8 Kg5 45. Raxc6 Rxc6 46. Rxc6 Kxh5 47. Rd6 Rb5 48. Kh3 f6 49. g4+ Kg6 50. Rd7 Kh7 51. Kg3 Kg8 52. Kf4 g6 53. Kg3 Ra5 54. f4 Ra3 55. Kf3 Ra5 56. f5 gxf5 57. gxf5 h5 58. Kf4 Rb5 59. Rc7 Rb1 60. Kg3 Rf1 61. Kh4 Rxf5 62. Rd7 1/2-1/2

[Event "Tepe Sigeman 2026"]
[Site "Elite Plaza Hotel, Gustav Ado"]
[Date "2026.05.04"]
[Round "4.3"]
[White "Van Foreest, Jorden"]
[Black "Carlsen, Magnus"]
[Result "1-0"]
[WhiteElo "2735"]
[BlackElo "2840"]
[PlyCount "175"]
[EventDate "2026.??.??"]
[WhiteTeam "NED"]
[BlackTeam "NOR"]
[WhiteClock "0:01:09"]
[BlackClock "0:01:35"]

1. e4 c5 2. Nf3 d6 3. d4 cxd4 4. Nxd4 Nf6 5. Nc3 a6 6. f4 e5 7. Nb3 Be7 8. fxe5 dxe5 9. Qxd8+ Bxd8 10. Be3 Be6 ({RR} 10... b5 11. Be2 Bb7 12. Nc5 Bc6 13. O-O-O Bb6 14. Rd3 Nbd7 15. Nxd7 Bxe3+ 16. Rxe3 Nxd7 17. Rd1 Ke7 18. b4 Nf6 19. a4 Rab8 20. axb5 axb5 21. Kb2 Rhd8 22. Rxd8 Kxd8 23. Nd5 Ne8 24. Kb3 Nd6 25. c4 {Kollars,D (2648)-Dominguez Perez,L (2748) chess.com INT 2024 1-0 (65)}) ({RR} 10... Nc6 11. O-O-O O-O 12. h3 Be6 13. g4 Rc8 14. Be2 b5 15. Nc5 Nd4 16. Nxe6 Nxe2+ 17. Nxe2 fxe6 18. Ng3 Bc7 19. Rhf1 Rfd8 20. Rxd8+ Rxd8 21. Rd1 Rc8 22. g5 Ne8 23. h4 Nd6 24. Bc5 Nc4 25. Rd7 {Raghav V (2322)-Koridze,L (2092) chess.com INT 2026 0-1 (48)}) 11. Nc5 Ba5 $146 ({RR} 11... b6 12. Nxe6 fxe6 13. O-O-O Ke7 14. g4 Bc7 15. g5 Nfd7 16. Bc4 b5 17. Bd5 exd5 18. Nxd5+ Kd8 19. Rhf1 a5 20. Rf7 Ra6 21. Rxg7 Kc8 22. Ne7+ Kb7 23. Nf5 Rg6 24. Rgxd7 Nxd7 25. Rxd7 Rgg8 26. Rd5 {Maurizzi,M (2564)-Lamard,G (2526) Aix-en-Provence FRA 2023 ½-½ (53)}) ({RR} 11... b6 12. Nxe6 fxe6 13. O-O-O Ke7 14. g4 Bc7 15. g5 Nfd7 16. Bc4 b5 17. Bd5 exd5 18. Nxd5+ Kd8 19. Rhf1 a5 20. Rf7 Ra6 21. Rxg7 Kc8 22. Ne7+ Kb7 23. Nf5 Rg6 24. Rgxd7 Nxd7 25. Rxd7 Rgg8 26. Rd5 {Maurizzi,M (2564)-Lamard,G (2526) Aix-en-Provence FRA 2023 ½-½ (53)}) 12. Bd3 Bc8 13. Nb3 Bxc3+ 14. bxc3 Bd7 15. Na5 Bc6 16. Rb1 Bxe4 17. Bxe4 Nxe4 18. Rxb7 Nd7 19. O-O Rc8 20. c4 Ndf6 21. Nc6 Rxc6 22. Rb8+ Ke7 23. Rxh8 Rxc4 24. Ra8 Ra4 25. c4 Rxa2 26. Bb6 Ke6 27. c5 Rc2 28. Rxa6 Ke7 29. Ra7+ Ke6 30. Ra6 Ke7 31. Rd1 Nd5 32. Bd8+ Ke8 33. Ra8 f6 34. Bxf6+ Kf7 35. Bg5 Rxc5 36. Bc1 h6 37. Ra7+ Kg8 38. h3 Rb5 39. Kh2 Nef6 40. Rd3 Rc5 41. Bb2 Nf4 42. Rg3 N6h5 43. Rc3 Rd5 44. Rc2 Kh7 45. Ba1 Ng6 46. Rca2 Rd1 47. Re2 Rd5 48. Bc3 Nhf4 49. Re3 Rb5 50. Ra5 Rb3 51. Bd4 Rxe3 52. Bxe3 Nh4 53. Bd2 Nfxg2 54. Kg3 e4 55. Ra7 Kg8 56. Ra4 e3 57. Bxe3 Nxe3 58. Kxh4 Kh7 59. Ra5 Kg6 60. Re5 Nf5+ 61. Kg4 Nd4 62. Re4 Nb5 63. Rc4 Kh7 64. Rc6 Nd4 65. Rd6 Nb5 66. Rd7 Nc3 67. Kf5 Ne2 68. Re7 Nd4+ 69. Kf4 Kg6 70. Re4 Nb5 71. Rc4 Kh5 72. Ke5 g5 73. Ke6 Na3 74. Rd4 Nb5 75. Rd3 Kh4 76. Ke5 h5 77. Rb3 Na7 78. Rc3 Nb5 79. Rc5 Na3 80. Kf5 Nb1 81. Rc2 Na3 82. Rb2 g4 83. hxg4 hxg4 84. Kf4 Kh5 85. Ra2 Nc4 86. Rc2 Na3 87. Rc3 Nb1 88. Rd3 1-0

[Event "Tepe Sigeman 2026"]
[Site "Elite Plaza Hotel, Gustav Ado"]
[Date "2026.05.04"]
[Round "4.4"]
[White "Zhu, Jiner"]
[Black "Woodward, Andy"]
[Result "1-0"]
[WhiteElo "2546"]
[BlackElo "2635"]
[PlyCount "73"]
[EventDate "2026.??.??"]
[WhiteTeam "CHN"]
[BlackTeam "USA"]
[WhiteClock "0:29:26"]
[BlackClock "0:04:25"]

1. e4 c5 2. Nf3 d6 3. d4 cxd4 4. Nxd4 Nf6 5. Nc3 a6 6. Bd3 e5 7. Nde2 Nc6 8. O-O Be6 9. Kh1 ({RR} 9. Ng3 d5 10. Bg5 dxe4 11. Ncxe4 Be7 12. Bxf6 gxf6 13. Qh5 Qc7 14. Qh6 O-O-O 15. Nxf6 Nd4 16. Rad1 Bxa2 17. Nf5 Be6 18. Nxe7+ Qxe7 19. Rfe1 Nc6 20. Bxh7 Qb4 21. b3 Kb8 22. Qg5 Rd4 23. Be4 Rhd8 {Nakamura,H (2736)-Vachier Lagrave,M (2784) chess24.com INT 2020 1-0}) ({RR} 9. Ng3 Be7 10. f4 exf4 11. Bxf4 O-O 12. Kh1 Nd7 13. Nd5 Nce5 14. Nf5 Bxd5 15. exd5 g6 16. Nxe7+ Qxe7 17. Qd2 Rae8 18. Bh6 f5 19. Bxf8 Rxf8 20. Rae1 Qh4 21. Qf2 Qb4 22. c3 Qa5 23. Qd4 Qxa2 {Mattenberger,M (2302)-Wang,S (2426) chess.com INT 2026 ½-½ (34)}) 9... Rc8 10. Nd5 Bxd5 $146 ({RR} 10... Nxd5 11. exd5 Bxd5 12. f4 Be6 13. f5 Bd7 14. Nc3 Nb4 15. Be4 Bc6 16. Bxc6+ bxc6 17. f6 gxf6 18. Ne4 Be7 19. a3 Nd5 20. Qh5 Nb6 21. Ng5 fxg5 22. Rxf7 h6 23. Bd2 Kd7 24. Raf1 Re8 25. Qxh6 {Khubukshanov,E (2492)-Pranav,A (2581) Dushanbe TJK 2025 ½-½}) 11. exd5 Nb4 12. Bf5 Rc7 13. Nc3 g6 14. Bh3 Rc4 15. f4 e4 16. a3 Rxc3 17. bxc3 Nbxd5 18. c4 Ne7 19. Rb1 Bg7 20. Rxb7 O-O 21. Bb2 Nc6 22. Bxf6 Qxf6 23. Qd5 Nd8 24. Rb3 Re8 25. Re3 Qb2 26. Rxe4 Rxe4 27. Qxe4 Bf6 28. Qd3 a5 29. Qxd6 Kg7 30. g4 h6 31. Bg2 Qc3 32. Qd3 Qb2 33. f5 g5 34. c5 Qe5 35. c6 Be7 36. Qe4 Qc5 37. Qxe7 1-0

[Event "Tepe Sigeman 2026"]
[Site "Elite Plaza Hotel, Gustav Ado"]
[Date "2026.05.05"]
[Round "5.1"]
[White "Erigaisi Arjun"]
[Black "Van Foreest, Jorden"]
[Result "1-0"]
[WhiteElo "2751"]
[BlackElo "2735"]
[PlyCount "59"]
[EventDate "2026.??.??"]
[WhiteTeam "IND"]
[BlackTeam "NED"]
[WhiteClock "0:16:12"]
[BlackClock "0:10:25"]

1. d4 d5 2. c4 c6 3. Nf3 Nf6 4. Qb3 h6 ({RR} 4... a5 5. Bf4 a4 6. Qc2 Bg4 7. Ne5 Bh5 8. e3 e6 9. a3 Nbd7 10. Nxd7 Nxd7 11. Nc3 Bg6 12. Qd1 Qa5 13. cxd5 exd5 14. Be2 Be7 15. O-O O-O 16. Bd3 Rfe8 17. h3 Bf8 18. Re1 Qa7 19. Bxg6 {Giri,A (2714)-Kamsky,G (2732) Beijing 2011 ½-½ (77)}) 5. Nc3 dxc4 ({RR} 5... e6 6. Bf4 Bd6 7. Bg3 O-O 8. e3 a6 9. Be2 Bxg3 10. hxg3 Qe7 11. Qc2 Nbd7 12. Rd1 dxc4 13. Bxc4 b5 14. Be2 Bb7 15. O-O Rac8 16. Qb1 c5 17. dxc5 Nxc5 18. Ne5 Qc7 19. Nd3 Nce4 20. Nxe4 {Shapiro,D (2284)-Asensio Ramos,E (2215) chess.com INT 2024 0-1 (36)}) 6. Qxc4 Bf5 $146 ({RR} 6... Nbd7 7. e4 Nb6 8. Qd3 g6 9. Be2 Bg4 10. Be3 Bg7 11. O-O O-O 12. h3 Bxf3 13. Bxf3 Kh7 14. Be2 e6 15. h4 Ne8 16. h5 Nd6 17. Rad1 Qe7 18. b3 Qd8 19. g4 Ndc8 20. hxg6+ fxg6 21. Kg2 {Hahn,M (2024)-Evertz,D (2028) Germany 2014 ½-½ (33)}) 7. Ne5 e6 8. a4 Nbd7 9. Nxd7 Qxd7 10. f3 a5 11. e4 Bh7 12. Bf4 Bb4 13. Be2 O-O 14. O-O Kh8 15. Rfd1 Ng8 16. Na2 Bd6 17. Bxd6 Qxd6 18. b4 axb4 19. Qxb4 Qxb4 20. Nxb4 Rfd8 21. Kf2 f5 22. Ke3 fxe4 23. fxe4 Nf6 24. Bf3 g5 25. h3 e5 26. dxe5 Nd7 27. e6 Nc5 28. e7 Re8 29. Rac1 Rxa4 30. Rd8 1-0

[Event "Tepe Sigeman 2026"]
[Site "Elite Plaza Hotel, Gustav Ado"]
[Date "2026.05.05"]
[Round "5.2"]
[White "Grandelius, Nils"]
[Black "Abdusattorov, Nodirbek"]
[Result "1/2-1/2"]
[WhiteElo "2662"]
[BlackElo "2780"]
[PlyCount "58"]
[EventDate "2026.??.??"]
[WhiteTeam "SWE"]
[BlackTeam "UZB"]
[WhiteClock "0:55:03"]
[BlackClock "1:13:07"]

1. d4 Nf6 2. c4 e6 3. Nc3 d5 4. Bg5 Be7 5. e3 h6 6. Bxf6 Bxf6 7. Nf3 O-O 8. Rc1 a6 9. Bd3 dxc4 10. Bxc4 Nd7 11. Ne4 Be7 12. O-O b5 13. Bd3 Bb7 14. a4 Rc8 $146 ({RR} 14... bxa4 15. Qxa4 c5 16. dxc5 Nxc5 17. Nxc5 Bxc5 18. Be4 Bxe4 19. Qxe4 Be7 20. Ne5 Bf6 21. Rcd1 Qa5 22. Nd7 Rfd8 23. Nxf6+ gxf6 24. h3 Qe5 25. Qxe5 fxe5 26. Rxd8+ Rxd8 27. Ra1 Rd6 28. Ra5 Rb6 29. g4 {Liu,Y (2513)-Dai,C (2506) Tianjin 2020 ½-½}) ({RR} 14... bxa4 15. Qxa4 c5 16. dxc5 Nxc5 17. Nxc5 Bxc5 18. Be4 Bxe4 19. Qxe4 Be7 20. Ne5 Bf6 21. Rcd1 Qa5 22. Nd7 Rfd8 23. Nxf6+ gxf6 24. h3 Qe5 25. Qxe5 fxe5 26. Rxd8+ Rxd8 27. Ra1 Rd6 28. Ra5 Rb6 29. g4 {Liu,Y (2513)-Dai,C (2506) Tianjin 2020 ½-½}) 15. axb5 axb5 16. Qe2 c5 17. dxc5 Nxc5 18. Nxc5 Rxc5 19. Rxc5 Bxc5 20. Bxb5 Bxf3 21. Qxf3 Qb6 22. Qc6 Rb8 23. Qxb6 Rxb6 24. Bd3 Rxb2 25. Rb1 Rxb1+ 26. Bxb1 Bd6 27. Bc2 Bc5 28. Bb1 Bd6 29. Bc2 Bc5 1/2-1/2

[Event "Tepe Sigeman 2026"]
[Site "Elite Plaza Hotel, Gustav Ado"]
[Date "2026.05.05"]
[Round "5.3"]
[White "Carlsen, Magnus"]
[Black "Zhu, Jiner"]
[Result "1-0"]
[WhiteElo "2840"]
[BlackElo "2546"]
[PlyCount "81"]
[EventDate "2026.??.??"]
[WhiteTeam "NOR"]
[BlackTeam "CHN"]
[WhiteClock "0:29:13"]
[BlackClock "0:00:42"]

1. Nf3 d5 2. g3 Nf6 3. Bg2 c5 4. O-O g6 5. d3 Bg7 6. Nbd2 Nc6 7. e4 O-O 8. Re1 d4 9. e5 Nd5 10. a4 ({RR} 10. Nf1 Bg4 11. h3 Bxf3 12. Qxf3 e6 13. h4 Nxe5 14. Qd1 h5 15. Bg5 Qd7 16. Qd2 Ng4 17. Nh2 Nxh2 18. Kxh2 f6 19. Bh6 e5 20. Re2 Rad8 21. Rae1 Rfe8 22. Bxg7 Kxg7 23. Qa5 b6 24. Qd2 Nb4 {Antoniou,R (2087)-Andrade,I (2161) chess.com INT 2025 1-0 (34)}) 10... h6 ({RR} 10... b6 11. Nc4 Bb7 12. h4 a6 13. e6 f6 14. Nh2 b5 15. axb5 axb5 16. Rxa8 Bxa8 17. Na3 Nc7 18. Bf4 Ne5 19. Bxe5 fxe5 20. Bxa8 Qxa8 21. Ng4 Qd5 22. Qe2 Qxe6 23. Nxe5 Bf6 24. Ng4 Qxe2 25. Rxe2 {Amin,B (2699)-Guichard,P (2407) chess24.com INT 2019 0-1 (63)}) 11. Nc4 Be6 12. Bd2 $146 ({RR} 12. h4 Qc7 13. Qe2 Rad8 14. Bd2 Ndb4 15. Na3 Bg4 16. Bf4 Nd5 17. Nc4 Nxf4 18. gxf4 Qd7 19. Qe4 Nb4 20. Rac1 Bf5 21. Qe2 Nd5 22. Qd2 Bh3 23. e6 Bxe6 24. Nfe5 Qc8 25. h5 Bh3 26. Bxd5 Rxd5 {Sebe Vodislav,F (2321)-Dragomirescu,C (2213) Slanic Moldova 2011 ½-½ (38)}) 12... Nb6 13. b3 Nd5 14. Nh4 g5 15. Nf3 Qd7 16. h4 g4 17. Nh2 h5 18. Qc1 f6 19. Bh6 Rf7 20. f3 Bh8 21. exf6 Bxf6 22. fxg4 hxg4 23. Bg5 Bh8 24. Nf1 Nc3 25. Nfd2 Bd5 26. Ne4 Bxe4 27. Bxe4 Raf8 28. Bh6 Qc7 29. Qg5+ Rg7 30. Bxg7 Qxg3+ 31. Bg2 Bxg7 32. Kh1 Rf2 33. Rg1 e6 34. Raf1 Ne2 35. Rxf2 Qxf2 36. Ra1 Ng3+ 37. Kh2 Nf5 38. Qxg4 Qxc2 39. Re1 Nd8 40. Re2 Qxd3 41. Be4 1-0

[Event "Tepe Sigeman 2026"]
[Site "Elite Plaza Hotel, Gustav Ado"]
[Date "2026.05.05"]
[Round "5.4"]
[White "Woodward, Andy"]
[Black "Erdogmus, Yagiz Kaan"]
[Result "1/2-1/2"]
[WhiteElo "2635"]
[BlackElo "2708"]
[PlyCount "207"]
[EventDate "2026.??.??"]
[WhiteTeam "USA"]
[BlackTeam "TUR"]
[WhiteClock "0:04:15"]
[BlackClock "0:03:45"]

1. d4 {Krasenkow,Michal ChessBase II} e6 2. c4 b6 3. a3 Bb7 4. Nc3 Nf6 5. Nf3 Ne4 ({RR} 5... d5) 6. Nxe4 Bxe4 7. Bf4 ({RR} 7. Nd2 Bb7 8. e4) ({RR} 7. e3) 7... Be7 8. e3 a5 ({RR} 8... d6 9. Bd3 Bxd3 10. Qxd3 Nd7 11. O-O-O c5 12. Kb1 Rc8 13. Rc1 cxd4 14. exd4 Nf6 15. Bg5 O-O 16. d5 e5 17. Bxf6 Bxf6 18. h4 Qd7 19. Ng5 g6 20. f3 Bxg5 21. hxg5 f6 22. gxf6 Rxf6 23. Rhe1 {Mamedyarov,S (2820)-Ivanchuk,V (2710) Batumi 2018 ½-½ (34)}) ({RR} 8... O-O) ({RR} 8... d6) ({RR} 8... O-O) 9. h4 $146 ({RR} 9. Bd3 Bxd3 10. Qxd3 a4 11. O-O d6 ({RR} 11... d6 12. e4 Nd7 13. Rad1 O-O 14. Rfe1 Re8 15. e5 ({RR} 15. h3 Nf8 16. Qc2 Qd7 17. Re3 Ng6 18. Bh2 Red8) 15... Nf8 16. d5 exd5 17. Qxd5 dxe5 18. Qxe5 Qc8 19. Qxc7 Ne6 20. Qxc8 Raxc8 21. Bd6 Bf6 22. Ne5) 12. e4 Nd7 13. Rad1 O-O 14. Rfe1 Re8 15. e5 ({RR} 15. Qc2 c6) ({RR} 15. e5) 15... Nf8 16. d5 exd5 17. Qxd5 dxe5 18. Qxe5 Qc8 19. Qxc7 Ne6 20. Qxc8 Raxc8 21. Bd6 Bf6 22. Be5 {½-½ (22) Gukesh,D (2599)-Romanov,E (2594) Stavanger 2021}) ({RR} 9. Bd3 Bxd3 10. Qxd3 a4 11. Nd2 d6 12. Ne4 Nd7 13. Nc3 Ra5 14. Rd1 O-O 15. O-O Qa8 16. Bg3 h5 17. f4 h4 18. Be1 h3 19. Rd2 Nf6 20. e4 Rh5 21. gxh3 e5 22. Rg2 exd4 23. Nd5 Nxd5 {Wallace,J (2370)-Romanov,E (2555) Oslo NOR 2023 ½-½ (61)}) ({RR} 9. Bd3 Bxd3 10. Qxd3 d6 11. O-O ({RR} 11. b3 Nd7 12. O-O O-O 13. e4 Re8 14. Rfd1 Qc8 15. e5 dxe5 16. Nxe5 Nxe5 17. Bxe5 Bd6 18. Qg3 Bxe5 19. dxe5 Qb7 20. Rd4 Rad8 21. Rad1 Rxd4 22. Rxd4 Qc6 23. h4 Qc5 24. Rd7 Qxa3 25. Rxc7 h6) 11... a4 12. e4 O-O 13. Rad1 Nd7 ({RR} 13... c6 14. Rfe1 Nd7 15. e5 dxe5 16. Nxe5 Nxe5 17. Bxe5 Qd7 18. Re3 Rad8 19. Rh3 f5 20. Rg3 Bf6 21. Bxf6 Rxf6 22. Re3 h6 23. Re5 Rb8 24. h3 b5 25. b4 axb3 26. Qxb3 Qa7 27. cxb5 Rxb5 28. Rxb5) ({RR} 13... c6 14. Rfe1 Nd7 15. e5 dxe5 16. Nxe5 Nxe5 17. Bxe5 Qd7 18. Re3 Rad8 19. Rh3 f5 20. Rg3 Bf6 21. Bxf6 Rxf6 22. Re3) 14. Rfe1 Re8 15. h3 Nf8 16. Qc2 Qd7 17. Re3 Ng6 18. Bh2 Red8 19. Rc3 ({RR} 19. Red3) 19... Rac8 ({RR} 19... c5) 20. Rcd3 Qe8 21. Bg3 h6 22. R1d2 Kh8 23. Rd1 Kg8 {Sanikidze,T (2542)-Romanov,E (2624) Aix les Bains 2011 CBM 142 Extra [ChessBase II] ½-½} {RR} 24. h4) ({RR} 9. Bd3 Bxd3 10. Qxd3 a4 11. O-O O-O 12. e4 d6 13. Rad1 h6 14. Rfe1 Re8 15. Qc2 ({RR} 15. e5 Nd7 16. Qe4) 15... Bf8 16. Rd3 Qf6 17. Qd2 ({RR} 17. Bg3) 17... Nc6 18. e5 ({RR} 18. Bg3 e5) ({RR} 18. Be3 e5 19. Qc2) 18... Qf5 19. exd6 ({RR} 19. Bg3 Na5 20. Qc3 b5 21. cxb5 d5 22. Rdd1 Reb8 23. Qxc7 Rxb5) ({RR} 19. h3) 19... cxd6 20. d5 Na5 21. Nd4 Qf6 22. dxe6 Nxc4 23. Qc1 d5 {Martinovic,S (2554)-Anton Guijarro,D (2694) Germany 2022 CBM 207 Extra [Krasenkow,Michal] 0-1 (34)} ({RR} 23... Rac8 24. exf7+ Qxf7 25. Rxe8 Qxe8 26. Rc3 d5)) 9... d6 10. Bd3 Bxd3 11. Qxd3 Nd7 12. Rd1 O-O 13. Qc2 Qe8 14. e4 a4 15. e5 f5 16. exd6 Bxd6 17. Qc1 e5 18. dxe5 Nxe5 19. Nxe5 Bxe5 20. O-O Bxf4 21. Qxf4 Qf7 22. Rfe1 Rad8 23. Rxd8 Rxd8 24. Re5 g6 25. c5 Re8 26. cxb6 cxb6 27. Rxe8+ Qxe8 28. Qc4+ Kf8 29. Qd4 b5 30. Qh8+ Kf7 31. Qxh7+ Kf6 32. Kh2 Qe5+ 33. Kh3 Qc5 34. Qh8+ Kf7 35. f3 b4 36. axb4 Qxb4 37. Qe5 a3 38. bxa3 Qxa3 39. h5 Qc1 40. hxg6+ Kxg6 41. f4 Qc6 42. Qh8 Qe6 43. Qh4 Qe4 44. Qg3+ Kh7 45. Kh2 Kh6 46. Qg5+ Kh7 47. Qh4+ Kg6 48. Kh3 Kg7 49. Qf2 Kg6 50. Qd2 Kh6 51. Qd6+ Kh5 52. Kh2 Qa4 53. Qd2 Qe4 54. Qd1+ Kg6 55. Qd6+ Kh7 56. Qe5 Qc2 57. Qf6 Qe4 58. Qe5 Qc2 59. Qe6 Kg7 60. Kh3 Qb1 61. Qd7+ Kg6 62. Qc6+ Kh5 63. Qe8+ Kh6 64. Kg3 Kg7 65. Qd7+ Kg6 66. Qc6+ Kh5 67. Qe8+ Kh6 68. Qe7 Kg6 69. Qe6+ Kg7 70. Kh2 Qc2 71. Qd7+ Kg6 72. Qd6+ Kg7 73. Kh3 Qb1 74. Qe6 Kh7 75. Qf7+ Kh6 76. Qf6+ Kh7 77. Kh2 Qe4 78. Qh4+ Kg6 79. Kh3 Qb1 80. Qg3+ Kh6 81. Qc3 Kg6 82. Kh4 Qh1+ 83. Qh3 Qa1 84. Qg3+ Kh7 85. Kh5 Qa6 86. Qg5 Qe2+ 87. Kh4 Qe1+ 88. Kh3 Qh1+ 89. Kg3 Qe1+ 90. Kh2 Qb1 91. g3 Qa2+ 92. Kh3 Qe6 93. Qd8 Qh6+ 94. Kg2 Qc6+ 95. Kh2 Qh6+ 96. Kg1 Qe6 97. Qc7+ Kg6 98. Qc3 Qe2 99. Qc6+ Kf7 100. Qd5+ Kf6 101. Qd6+ Kf7 102. Qd7+ Kf6 103. Qd6+ Kf7 104. Qd7+ 1/2-1/2

[Event "Tepe Sigeman 2026"]
[Site "Elite Plaza Hotel, Gustav Ado"]
[Date "2026.05.06"]
[Round "6.1"]
[White "Zhu, Jiner"]
[Black "Erigaisi Arjun"]
[Result "0-1"]
[WhiteElo "2546"]
[BlackElo "2751"]
[PlyCount "134"]
[EventDate "2026.??.??"]
[WhiteTeam "CHN"]
[BlackTeam "IND"]
[WhiteClock "0:00:43"]
[BlackClock "0:02:34"]

1. e4 d6 2. d4 Nf6 3. Nc3 g6 4. Be3 Bg7 5. Nf3 O-O 6. Qd2 a6 7. Bd3 Nc6 8. d5 Ne5 9. Nxe5 dxe5 10. f3 e6 11. Bc4 b5 $146 ({RR} 11... exd5 12. Nxd5 Nxd5 13. Bxd5 Be6 14. O-O-O Bxd5 15. Qxd5 Qxd5 16. Rxd5 Rfd8 17. Rhd1 Rxd5 18. Rxd5 Bf6 19. Rd7 Rc8 20. Bh6 Bg7 21. Bg5 Kf8 22. c4 Ke8 23. Rd3 c6 24. b4 f6 25. Be3 Bf8 26. Rb3 {Shalimov,V (2478)-Matjushin,G (2416) Mariupol 2003 0-1 (66)}) 12. Bb3 b4 13. Na4 exd5 14. exd5 e4 15. O-O-O exf3 16. gxf3 a5 17. h4 Nh5 18. d6 Bb7 19. dxc7 Qxc7 20. Qd7 Qe5 21. Qxb7 Qxe3+ 22. Kb1 Qf4 23. Rd7 Rae8 24. Rhd1 Qf6 25. Qb5 Qxf3 26. Qxa5 Nf6 27. R7d3 Qf4 28. Qg5 Qxg5 29. hxg5 Ne4 30. Rd5 Re5 31. Nb6 Nxg5 32. Rxe5 Bxe5 33. Nd7 Re8 34. a4 bxa3 35. Nxe5 Rxe5 36. bxa3 Kf8 37. Kb2 Ke7 38. a4 f5 39. Bd5 Kd6 40. c4 Kc5 41. a5 Re2+ 42. Ka3 Re3+ 43. Kb2 Ne6 44. Rh1 Nf4 45. Bb7 Nd3+ 46. Kc2 Nb4+ 47. Kd2 Ra3 48. Rxh7 Rxa5 49. Rg7 Ra7 50. Kc3 Ra3+ 51. Kd2 Rg3 52. Bc8 f4 53. Be6 g5 54. Rb7 Rd3+ 55. Kc1 Re3 56. Bg8 f3 57. Kd2 Rd3+ 58. Ke1 Rb3 59. Rg7 Nd3+ 60. Kd2 Ne5 61. Rxg5 Kd4 62. Bh7 f2 63. Ke2 Rf3 64. Kf1 Nxc4 65. Rg4+ Kc3 66. Rxc4+ Kxc4 67. Be4 Rf4 0-1